000 00751nam a2200253Ia 4500
003 OSt
005 20221005082431.0
006 a|||||r|||| 00| 0
007 ta
008 221004b |||||||| |||| 00| 0 eng d
020 _cINR 600.00
024 _a37562
037 _b291, 18/01/2018, Eastern Book Linkers
_cTextual
040 _aCRL
_cCRL
_beng
041 _2eng
_aeng
082 _aQ3, Q6
100 _aJain Jineshwar Das Au.
245 0 _aJain archaeological sites outside India
260 _aNew Delhi
_bShri Bharatvarshiya Digamber Jain India
_c2016
300 _a155p.
_ccm.
650 _aJAINISM
942 _hQ3, Q6
_cTEXL
_2cc
999 _c989292
_d989292